Luyện dịch Việt Anh

Nội dung cuốn sách đề cập đến những vấn đề sau: một số nguyên tắc cơ bản khi dịch Việt - Anh, một số từ khó dịch từ Việt sang Anh, luyện dịch Việt Anh và từ vựng.

Αποθηκεύτηκε σε:
Λεπτομέρειες βιβλιογραφικής εγγραφής
Κύριος συγγραφέας: Minh Thu
Μορφή: Βιβλίο
Γλώσσα:Undetermined
Έκδοση: Hà Nội Văn hóa Thông tin 2003
Θέματα:
Ετικέτες: Προσθήκη ετικέτας
Δεν υπάρχουν, Καταχωρήστε ετικέτα πρώτοι!
Thư viện lưu trữ: Trung tâm Học liệu Trường Đại học Cần Thơ
LEADER 00807nam a2200193Ia 4500
001 CTU_238772
008 210402s9999 xx 000 0 und d
082 |a 418.03 
082 |b M312 
100 |a Minh Thu 
245 0 |a Luyện dịch Việt Anh 
245 0 |c Minh Thu, Nguyễn Hòa 
260 |a Hà Nội 
260 |b Văn hóa Thông tin 
260 |c 2003 
520 |a Nội dung cuốn sách đề cập đến những vấn đề sau: một số nguyên tắc cơ bản khi dịch Việt - Anh, một số từ khó dịch từ Việt sang Anh, luyện dịch Việt Anh và từ vựng. 
650 |a Biên phiên dịch,Translating and interpreting 
910 |b dqhieu 
980 |a Trung tâm Học liệu Trường Đại học Cần Thơ